Aby nezamestnanosť v okrese klesla, iba otvoriť diaľnicu nestačí

Otváranie nových úsekov kvalitných ciest môže mať na mieru nezamestnanosti žiadaný vplyv, avšak omnoho pravdepodobnejšie sa tak deje v pokojnom období, čiže v období mimo hospodárskej krízy. Pozitívny účinok lepšej cestnej siete bol eliminovaný efektmi krízy a cesta sama o sebe tak v obdobiach neist...

Descripción completa

Guardado en:
Detalles Bibliográficos
Autor principal: Mičúch, Marek
Otros Autores: Tvrz, Stanislav
Formato: Capítulo de libro
Lenguaje:eslovaco
Materias:
Etiquetas: Agregar Etiqueta
Sin Etiquetas, Sea el primero en etiquetar este registro!

MARC

LEADER 00000naa a2200000 4500
001 0208861
005 20221019174144.6
041 0 |a slo 
044 |a SK 
245 1 0 |a Aby nezamestnanosť v okrese klesla, iba otvoriť diaľnicu nestačí  |c Marek Mičúch, Stanislav Tvrz 
520 |a Otváranie nových úsekov kvalitných ciest môže mať na mieru nezamestnanosti žiadaný vplyv, avšak omnoho pravdepodobnejšie sa tak deje v pokojnom období, čiže v období mimo hospodárskej krízy. Pozitívny účinok lepšej cestnej siete bol eliminovaný efektmi krízy a cesta sama o sebe tak v obdobiach neistoty nemusí predstavovať podporný prostriedok a vyčerpávajúci nástroj znižovania miery nezamestnanosti v okresoch SR. Aby sa dostavil pozitívny účinok novej cesty, ktorý by mal všeobecnejší charakter, sú potrebné aj ďalšie faktory. 
610 2 0 |a Slovensko 
610 2 0 |a siete cestné 
610 2 0 |a diaľnice 
610 2 0 |a nezamestnanosť 
610 2 0 |a infraštruktúra dopravná 
610 2 0 |a trh práce 
100 1 |a Mičúch, Marek 
700 1 |a Tvrz, Stanislav